000 01904cam a2200301 i 4500
003 SA-RiAUC
005 20250504093224.0
008 250423s2007____su g 000 0 ara c
024 0 _a00000000276142
040 _aSA-MaBBL
_bara
_cSA-RiAUC
_dKAC
_erda
082 0 4 _a259
_qSA-RiAUC
090 _a259
_bج هـ ن
100 1 _aالجهني، فهد بن سعيد
_eمؤلف.
245 1 2 _aالفتوى وأثرها في حماية المعتقد وتحقيق الوسطية /
_cد. فهد بن سعد الجهني.
250 _aالطبعة الأولى.
264 1 _aالدمام، السعودية ؛
_aالرياض ؛
_aالأحساء، السعودية ؛
_aجدة، السعودية ؛
_aالخبر، السعودية ؛
_aبيروت ؛
_aالقاهرة :
_bدار ابن الجوزي للنشر والتوزيع،
_c[2007]
300 _a80 صفحة ؛
_c21 × 15 سم.
336 _aنص
_btxt
_2rdacontent
_3كتاب
337 _aبدون وسيط
_bn
_2rdamedia
338 _aمجلد
_bnc
_2rdacarrier
490 0 _aسلسلة بحوث علمية محكمة ؛
_v21
504 _aببليوجرافية : صفحة 75-77.
505 0 _aالمحتويات : المبحث الأول : الفتوى وما يتعلق بها من أحكام : المطلب الأول : تعريف الفتوى، المطلب الثاني : خطورة مقام المفتي وأهميته ...-المبحث الثاني : أهمية الفتوى في حماية العقيدة : المطلب الأول : وسائل حفظ الدين، وعلاقة ذلك بالفتوى ...-المبحث الثالث : أثر الفتوى في تحقيق وسطية الأمة : المطلب الأول : تحرير معنى الوسطية ... وموضوعات أخرى.
650 7 _aالإفتاء
_2aucsh
650 7 _aالفقه الإسلامي
_2aucsh
942 _2ddc
_cBOOK
_n0
949 _aSA-JeALM
_d250423
_umohamedma123
_n1
999 _c7587
_d7587